| 000 | 00639nam a2200229Ia 4500 | ||
|---|---|---|---|
| 001 | dia_2118 | ||
| 003 | CHAP | ||
| 005 | 20230313110006.0 | ||
| 008 | 220117s1973 xx 000 0 und d | ||
| 010 | _a172656 | ||
| 040 | _cCHAP | ||
| 082 | _a637 bB4 | ||
| 100 |
_aBecker, Raymond _9152275 |
||
| 245 |
_aDairy Cattle Breeds, Origin and Development / _c by Raymond Becker |
||
| 260 |
_aFlorida : _b University of Florida Press, _c1973 |
||
| 300 | _a554 p. | ||
| 650 |
_a1.Ganado lechero. _9152229 |
||
| 901 | _a637 BB4 | ||
| 902 | _aM | ||
| 905 | _a0000001973 FLOA 0000000000ING00 | ||
| 942 |
_cLIBRO _2ddc |
||
| 999 |
_c172656 _d172656 |
||